Science General Knowledge #1 - Statistics

General Stats
  • This quiz has been taken 169 times
  • The average score is 19 of 25
Answer Stats
Hint Answer % Correct
4) What was observed in 1930 but is now adwarf planet? Pluto
98%
18) NaCl or sodium chloride is also known as: Salt
93%
16) What element is the chemical sign Fe? Iron
91%
17) What is the most abundant gas in the atmosphere? Nitrogen
90%
24) How many pairs of chromosomes do humansnormally have? 23
88%
1) What is at the center of the Milky Way? Black Hole
88%
15) What plant process converts sunlight into chemical energy? Photosynthesis
88%
3) What is known as the powerhouse of a cell? Mitochondria
87%
5) Where is Olympus Mons located? Mars
86%
25) What famous physicist proposed the theoryof relativity? Albert Einstein
85%
14) What is the main sugar in the body called? Glucose
85%
8) What is the study of weather called? Meteorology
85%
6) What is the theory that the universe came tobe from an explosion of a dense state? Big Bang Theory
84%
9) What famous astronomer discovered the moonsof Jupiter and phases of Venus? Galileo Galilei
83%
21) What is -273.15 degrees Celsius or 0 degrees Kelvin called? Absolute Zero
81%
22) What is the study of space called? Astronomy
79%
23) What does the C stand for in E=MC2? Speed of Light
79%
20) What element has the chemical sign Hg? Mercury
68%
12) What famous comet is seen from Earth every75 years? Halleys
67%
13) What are Russian astronauts called? Cosmonaut
66%
11) What is the closest major galaxy from ours? Andromeda
62%
10) What is the average distance between the Earth and Sun called? Astronomical Unit
53%
7) What cells contain axons and dendrites? Neuron
53%
19) What type of storms are measured on the Fujita scale from F0-F5? Tornadoes
50%
2) What is the name of the giant storm ragingon Jupiter? Great Red Spot
32%
No matching quizzes found
Score Distribution
Percent of People with Each Score
Percentile by Number Answered
Your Score History
You have not taken this quiz